[Event "Ekaterinburg Rapid op"]
[Site "Ekaterinburg"]
[Date "2023.08.12"]
[Round "9"]
[White "Kopjonkin, Kirill"]
[Black "Rogoznikov, Andrey"]
[Result "0-1"]
[WhiteElo "2314"]
[BlackElo "2258"]
[PlyCount "98"]
[EventDate "2023.08.11"]
[EventType "swiss (rapid)"]
[EventRounds "11"]
[EventCountry "RUS"]
[SourceTitle "CBM 215 Extra"]
[Source "ChessBase"]
[SourceDate "2023.09.30"]
[SourceVersion "1"]
[SourceVersionDate "2023.09.30"]
[SourceQuality "1"]

1. e4 c5 2. Nf3 Nc6 3. d4 cxd4 4. Nxd4 Nf6 5. Nc3 e5 6. Ndb5 d6 7. Bg5 a6 8. Na3 b5 9. Nd5 Be7 10. Bxf6 Bxf6 11. c4 b4 12. Nc2 a5 13. g3 0-0 14. Bg2 Bg5 15. 0-0 Be6 16. b3 Qb8 17. f4 Bd8 18. Kh1 f6 19. f5 Bf7 20. g4 Bb6 21. h4 Kh8 22. g5 Bxd5 23. exd5 Nd4 24. Ne3 Qd8 25. g6 h6 26. Qd2 a4 27. Ng4 axb3 28. Nxh6 Rxa2 29. Rxa2 bxa2 30. Nf7+ Rxf7 31. gxf7 Nxf5 32. Qxa2 Ng3+ 33. Kh2 Nxf1+ 34. Bxf1 f5 35. Bh3 g6 36. Qg2 Kg7 37. h5 g5 38. Bxf5 Kxf7 39. Kh3 Kg7 40. Kg4 Kh6 41. Qb2 Qe8 42. Bg6 Qc8+ 43. Kg3 Qxc4 44. Qb1 Qf4+ 45. Kg2 Qf2+ 46. Kh1 Qf3+ 47. Kh2 g4 48. Be4 Qf2+ 49. Kh1 Qh4+ 0-1

[Event "Titled Tuesday intern op 09th Aug Early"]
[Site "Chess.com INT"]
[Date "2022.08.09"]
[Round "1"]
[White "Kopjonkin, Kirill"]
[Black "Smietanska, Wiktoria"]
[Result "1-0"]
[WhiteElo "2314"]
[BlackElo "1881"]
[PlyCount "55"]
[EventDate "2022.08.09"]
[EventType "swiss (blitz)"]
[EventRounds "11"]
[EventCountry "USA"]
[SourceTitle "EXT 2023"]
[Source "ChessBase"]
[SourceDate "2022.10.05"]
[SourceVersion "1"]
[SourceVersionDate "2022.10.05"]
[SourceQuality "1"]

1. e4 c5 2. Nf3 d6 3. d4 cxd4 4. Nxd4 Nf6 5. Nc3 a6 6. f3 e5 7. Nb3 Be7 8. Be3 0-0 9. Qd2 Be6 10. 0-0-0 Nbd7 11. g4 b5 12. g5 Nh5 13. Kb1 Qc7 14. Nd5 Bxd5 15. exd5 Nb6 16. Na5 Nxd5 17. Qxd5 Qxa5 18. Bd3 g6 19. c4 Ng7 20. h4 Rab8 21. f4 exf4 22. Bxf4 Ne6 23. Bd2 Qb6 24. cxb5 axb5 25. h5 Nc5 26. hxg6 hxg6 27. Bc3 Bf6 28. Bxf6 1-0

[Event "Titled Tuesday intern op 26th Oct"]
[Site "Chess.com INT"]
[Date "2021.10.26"]
[Round "1"]
[White "Rengifo Blancas, Renzo Jhonathan"]
[Black "Kopjonkin, Kirill"]
[Result "1-0"]
[WhiteElo "2131"]
[BlackElo "2314"]
[PlyCount "113"]
[EventDate "2021.10.26"]
[EventType "swiss (blitz)"]
[EventRounds "11"]
[EventCountry "USA"]
[SourceTitle "CBM 204 Extra"]
[Source "ChessBase"]
[SourceDate "2021.11.30"]
[SourceVersion "1"]
[SourceVersionDate "2021.11.30"]
[SourceQuality "1"]

1. e4 c5 2. d4 cxd4 3. c3 g6 4. Nf3 Bg7 5. Bc4 dxc3 6. Nxc3 Nc6 7. Qb3 e6 8. Nb5 d5 9. exd5 exd5 10. Bxd5 Qe7+ 11. Be3 Nf6 12. 0-0 Nxd5 13. Qxd5 Be6 14. Qd6 0-0 15. Qxe7 Nxe7 16. Bc5 Bf6 17. Nc7 Rac8 18. Nxe6 fxe6 19. Bd4 Kf7 20. Rfe1 Nf5 21. Bxf6 Kxf6 22. Ne5 Rfd8 23. Ng4+ Ke7 24. Rac1 Rxc1 25. Rxc1 Rd2 26. Rb1 Kd6 27. Nf6 Ke5 28. Nxh7 Nd4 29. Ng5 Kf4 30. Nh3+ Ke4 31. Re1+ Kd3 32. Nf4+ Kc2 33. Nxg6 Kxb2 34. h4 Kxa2 35. h5 Nf5 36. g4 Nd4 37. h6 Nf3+ 38. Kf1 Nxe1 39. Kxe1 Rd7 40. Nf8 Rf7 41. h7 Rxf8 42. g5 Rh8 43. g6 b5 44. g7 Rxh7 45. g8Q Rh1+ 46. Ke2 b4 47. Qxe6+ b3 48. Qa6+ Kb2 49. Qf6+ Ka2 50. Qe6 Rc1 51. Qa6+ Kb1 52. Qxa7 b2 53. f4 Rc2+ 54. Kd3 Rc1 55. f5 Rd1+ 56. Kc3 Rf1 57. Qh7 1-0

[Event "Titled Tuesday intern op 22nd June"]
[Site "Chess.com INT"]
[Date "2021.06.22"]
[Round "1"]
[White "Kopjonkin, Kirill"]
[Black "Bures, Vit"]
[Result "1-0"]
[WhiteElo "2314"]
[BlackElo "2119"]
[PlyCount "65"]
[EventDate "2021.06.22"]
[EventType "swiss (blitz)"]
[EventRounds "11"]
[EventCountry "USA"]
[SourceTitle "CBM 203 Extra"]
[Source "ChessBase"]
[SourceDate "2021.09.30"]
[SourceVersion "1"]
[SourceVersionDate "2021.09.30"]
[SourceQuality "1"]

1. e4 e5 2. Nf3 Nc6 3. Bc4 Bc5 4. d3 Nf6 5. c3 d6 6. Nbd2 0-0 7. 0-0 a5 8. h3 Be6 9. Bb5 Ba7 10. Re1 Ne7 11. Nf1 h6 12. Ng3 Ng6 13. d4 c6 14. Bd3 Re8 15. Be3 Bb6 16. a4 Qc7 17. Qc2 Rad8 18. Rad1 Rc8 19. Nf5 Kh7 20. g4 Kg8 21. Kg2 Nh7 22. h4 exd4 23. cxd4 Ne7 24. Bf4 Bxf5 25. gxf5 Qd7 26. Kh2 Kh8 27. Rg1 Rg8 28. e5 Nd5 29. Bg3 dxe5 30. Nxe5 Qe7 31. Rde1 Qf6 32. Ng4 Qd8 33. Ne5 1-0

[Event "Titled Tuesday intern op 08th June"]
[Site "Chess.com INT"]
[Date "2021.06.08"]
[Round "2"]
[White "Kopjonkin, Kirill"]
[Black "Oparin, Grigoriy"]
[Result "0-1"]
[WhiteElo "2314"]
[BlackElo "2654"]
[PlyCount "65"]
[EventDate "2021.06.08"]
[EventType "swiss (blitz)"]
[EventRounds "11"]
[EventCountry "USA"]
[SourceTitle "CBM 202 Extra"]
[Source "ChessBase"]
[SourceDate "2021.07.31"]
[SourceVersion "1"]
[SourceVersionDate "2021.07.31"]
[SourceQuality "1"]

1. e4 c6 2. d4 d5 3. Nc3 dxe4 4. Nxe4 Nf6 5. Nxf6+ exf6 6. c3 Bd6 7. Bd3 0-0 8. Qc2 Re8+ 9. Ne2 h5 10. 0-0 h4 11. h3 Nd7 12. Bd2 Nf8 13. Rae1 Be6 14. c4 Rc8 15. f4 Bb8 16. Kh1 Bd7 17. Ng1 Ne6 18. Qc3 c5 19. d5 Nd4 20. Nf3 Rxe1 21. Bxe1 Bxf4 22. Nxd4 Be5 23. Bf2 b5 24. b3 Qb6 25. cxb5 cxd4 26. Qb4 a5 27. Qa4 Rc3 28. Bc4 Rc2 29. Bxh4 Bxh3 30. Rf2 d3 31. Rxc2 dxc2 32. Qa3 Qe3 33. Bf1 0-1

[Event "Titled Tuesday intern op 11th May"]
[Site "Chess.com INT"]
[Date "2021.05.11"]
[Round "1"]
[White "Bendayan Claros, Aaron Arturo"]
[Black "Kopjonkin, Kirill"]
[Result "1-0"]
[WhiteElo "2167"]
[BlackElo "2314"]
[PlyCount "167"]
[EventDate "2021.05.11"]
[EventType "swiss (blitz)"]
[EventRounds "11"]
[EventCountry "USA"]
[SourceTitle "CBM 202 Extra"]
[Source "ChessBase"]
[SourceDate "2021.07.31"]
[SourceVersion "1"]
[SourceVersionDate "2021.07.31"]
[SourceQuality "1"]

1. d4 Nf6 2. Bg5 g6 3. Bxf6 exf6 4. c4 b6 5. Nc3 Bb7 6. e3 Bg7 7. Nf3 0-0 8. g3 f5 9. Bg2 d6 10. 0-0 Nd7 11. Qd3 Re8 12. b4 a5 13. a3 Nf6 14. Rfc1 Ne4 15. Nd2 Qe7 16. Nf3 c5 17. bxc5 bxc5 18. Rab1 Bc6 19. Nb5 Reb8 20. a4 Rb7 21. d5 Bxb5 22. cxb5 h5 23. Nd2 Nxd2 24. Qxd2 h4 25. Rc4 Bf6 26. Re1 Kg7 27. e4 hxg3 28. hxg3 fxe4 29. Rcxe4 Qc7 30. Rc4 Rbb8 31. Bf3 Re8 32. Rxe8 Rxe8 33. Kg2 Bd4 34. Rc1 Bf6 35. Bg4 c4 36. Rh1 Qc5 37. Bd7 Re5 38. Rd1 c3 39. Qc2 Rxd5 40. Rxd5 Qxd5+ 41. Kg1 Qd2 42. Qxd2 cxd2 43. Bg4 Bd4 44. Kf1 f5 45. Bd1 Kf6 46. f4 Ke7 47. Ke2 Kd7 48. Kxd2 Bf2 49. g4 Kc7 50. gxf5 gxf5 51. Bc2 Bg3 52. Bxf5 Bxf4+ 53. Kd3 Be5 54. Kc4 Kb6 55. Be4 Bg3 56. Bd5 Bh2 57. Be6 Bg1 58. Bd5 Kc7 59. Be6 Kd8 60. Bd5 Ke7 61. Bc6 Kf6 62. Bd5 Ke5 63. Bc6 Bc5 64. Bd5 Kf4 65. Bf7 Ke3 66. Bg8 Kd2 67. Kb3 Kd3 68. Bc4+ Kd4 69. Bg8 d5 70. Bf7 Ke4 71. Kc3 d4+ 72. Kc4 Ba7 73. Bg6+ Ke3 74. Kd5 d3 75. Kc6 d2 76. Bh5 Kf2 77. b6 Bb8 78. Kb5 Ke3 79. Kxa5 Kd4 80. Kb5 Kd5 81. a5 Kd6 82. Bg4 Ke7 83. a6 Kd8 84. a7 1-0

[Event "Titled Tuesday intern op 04th May"]
[Site "Chess.com INT"]
[Date "2021.05.04"]
[Round "6"]
[White "Kopjonkin, Kirill"]
[Black "Petrova, Irina"]
[Result "1-0"]
[WhiteElo "2314"]
[BlackElo "2110"]
[PlyCount "121"]
[EventDate "2021.05.04"]
[EventType "swiss (blitz)"]
[EventRounds "11"]
[EventCountry "USA"]
[SourceTitle "CBM 202 Extra"]
[Source "ChessBase"]
[SourceDate "2021.07.31"]
[SourceVersion "1"]
[SourceVersionDate "2021.07.31"]
[SourceQuality "1"]

1. e4 d6 2. d4 Nf6 3. Nc3 e5 4. Nge2 Nc6 5. f3 Be7 6. Be3 0-0 7. Qd2 d5 8. exd5 Nxd5 9. Nxd5 Qxd5 10. dxe5 Qxe5 11. 0-0-0 Be6 12. Nd4 Bf6 13. c3 Nxd4 14. Bxd4 Qg5 15. Qxg5 Bxg5+ 16. Kb1 b6 17. Bd3 a5 18. Be5 c5 19. f4 Be7 20. f5 Bd5 21. Bc2 Bc6 22. Rhf1 a4 23. f6 Bxf6 24. Bxf6 gxf6 25. Rxf6 Rfc8 26. Rd3 Kg7 27. Rf4 Re8 28. Rg3+ Kf8 29. Rf1 Re2 30. Bxh7 Rxg2 31. Rxg2 Bxg2 32. Rf2 Bd5 33. a3 Kg7 34. Bd3 Re8 35. Kc2 Bb3+ 36. Kd2 Rd8 37. Ke3 Re8+ 38. Kd2 Rd8 39. Ke3 Re8+ 40. Kf4 Rd8 41. Be4 Rd1 42. h4 Rg1 43. Ke5 Rd1 44. Rg2+ Kh6 45. Rf2 Re1 46. Kf4 Kh5 47. Bf3+ Kg6 48. Rd2 Kh6 49. Rd6+ Re6 50. Rd7 Rf6+ 51. Kg3 Rg6+ 52. Kf2 Rf6 53. Ke3 Re6+ 54. Kd2 Rf6 55. Be2 Kg6 56. h5+ Kh6 57. Rb7 Rd6+ 58. Ke3 Re6+ 59. Kf2 Rf6+ 60. Kg3 Re6 61. Bf3 1-0

[Event "Titled Tuesday intern op 04th May"]
[Site "Chess.com INT"]
[Date "2021.05.04"]
[Round "11"]
[White "Kopjonkin, Kirill"]
[Black "Sanchez Alvares, Kelvin Antonio"]
[Result "0-1"]
[WhiteElo "2314"]
[BlackElo "2250"]
[PlyCount "140"]
[EventDate "2021.05.04"]
[EventType "swiss (blitz)"]
[EventRounds "11"]
[EventCountry "USA"]
[SourceTitle "CBM 202 Extra"]
[Source "ChessBase"]
[SourceDate "2021.07.31"]
[SourceVersion "1"]
[SourceVersionDate "2021.07.31"]
[SourceQuality "1"]

1. e4 c5 2. Nf3 d6 3. d4 cxd4 4. Nxd4 Nf6 5. Nc3 g6 6. f3 Bg7 7. Be3 0-0 8. Qd2 Nc6 9. 0-0-0 Nxd4 10. Bxd4 Be6 11. Kb1 Qc7 12. h4 Rfc8 13. g4 Qa5 14. a3 Rab8 15. Qe1 b5 16. e5 b4 17. Nb5 dxe5 18. Qxe5 Ne8 19. Qe1 Rxb5 20. Bxb5 Qxb5 21. Qxb4 Qxb4 22. axb4 a6 23. Bc5 Bf8 24. h5 Nd6 25. hxg6 hxg6 26. Bd4 f6 27. c3 Nb5 28. Bc5 Bb3 29. Rd7 Be6 30. Rd2 f5 31. g5 f4 32. Re2 Bc4 33. Ree1 Nd6 34. Rh4 Nb7 35. Rxf4 Bd3+ 36. Kc1 Nxc5 37. bxc5 Rxc5 38. Re6 Rxg5 39. Rd4 Bh6 40. f4 Rg1+ 41. Kd2 Bf5 42. Rxa6 Kf7 43. c4 Rg2+ 44. Ke3 Rxb2 45. c5 Rc2 46. c6 Bg7 47. Rb4 Rc3+ 48. Kd2 Rc2+ 49. Kd1 Rc5 50. Rb7 Bf6 51. c7 Bc8 52. Rab6 Bxb7 53. Rxb7 Ke6 54. Ke2 Kd7 55. Ra7 Rxc7 56. Ra6 Rc6 57. Ra7+ Ke6 58. Kf3 Kf5 59. Ra5+ e5 60. fxe5 Bxe5 61. Ke3 Rc3+ 62. Kd2 Rh3 63. Ke2 g5 64. Kf1 g4 65. Kg2 Rh2+ 66. Kg1 Rb2 67. Rb5 g3 68. Rd5 Ke4 69. Ra5 Bd4+ 70. Kh1 g2+ 0-1

[Event "Zudov Memorial 10th"]
[Site "Nizhnij Tagil"]
[Date "2014.09.17"]
[Round "7"]
[White "Solovjev, Nikolay1111"]
[Black "Kopjonkin, Kirill"]
[Result "1-0"]
[WhiteElo "2311"]
[BlackElo "2073"]
[PlyCount "41"]
[EventDate "2014.09.11"]
[EventType "swiss"]
[EventRounds "9"]
[EventCountry "RUS"]
[SourceTitle "CBM 162 Extra"]
[Source "ChessBase"]
[SourceDate "2014.10.17"]
[SourceVersion "1"]
[SourceVersionDate "2014.10.17"]
[SourceQuality "1"]

1. d4 Nf6 2. Bg5 g6 3. Nc3 Bg7 4. Qd2 d6 5. 0-0-0 c6 6. e4 0-0 7. f3 b5 8. Bh6 Qa5 9. h4 b4 10. Nb1 Nbd7 11. h5 Qxa2 12. hxg6 fxg6 13. Bxg7 Kxg7 14. Qh6+ Kg8 15. Nh3 Rf7 16. e5 Nh5 17. Ng5 Rg7 18. g4 Ng3 19. Rh3 Nxf1 20. Rxf1 Kf8 21. Nxh7+ 1-0

[Event "Zudov Memorial 10th"]
[Site "Nizhnij Tagil"]
[Date "2014.09.12"]
[Round "2"]
[White "Kopjonkin, Kirill"]
[Black "Farbshtain, Danil"]
[Result "1-0"]
[WhiteElo "2073"]
[BlackElo "1659"]
[PlyCount "47"]
[EventDate "2014.09.11"]
[EventType "swiss"]
[EventRounds "9"]
[EventCountry "RUS"]
[SourceTitle "CBM 162 Extra"]
[Source "ChessBase"]
[SourceDate "2014.10.17"]
[SourceVersion "1"]
[SourceVersionDate "2014.10.17"]
[SourceQuality "1"]

1. e4 c6 2. d4 d5 3. e5 Bf5 4. Nc3 e6 5. g4 Bg6 6. Nge2 Bb4 7. Bg2 Nd7 8. 0-0 c5 9. f4 Rc8 10. f5 exf5 11. gxf5 Bh5 12. Nxd5 Ne7 13. Bg5 f6 14. exf6 gxf6 15. Bxf6 Nxf6 16. Nxf6+ Kf7 17. Nxh5 cxd4 18. Nxd4 Bc5 19. c3 Rg8 20. Nf4 Rc6 21. Qh5+ Kf8 22. Nfe6+ Rxe6 23. fxe6+ Kg7 24. Rf7+ 1-0